Solid state electronic device (Record no. 5214)

MARC details
000 -LEADER
fixed length control field 00500nam a2200169Ia 4500
003 - CONTROL NUMBER IDENTIFIER
control field SGT
082 ## - DEWEY DECIMAL CLASSIFICATION NUMBER
Classification number 621.38152
Item number STR
100 ## - MAIN ENTRY--PERSONAL NAME
Personal name Stonier,Alfred W
245 ## - TITLE STATEMENT
Title Solid state electronic device
Remainder of title 9788120330207
250 ## - EDITION STATEMENT
Edition statement 6th Ed.
260 ## - PUBLICATION, DISTRIBUTION, ETC. (IMPRINT)
Name of publisher, distributor, etc PHI Learning Private Limited
Place of publication, distribution, etc New Delhi
Year of Publication 2006
300 ## - PAGE DESCRIPTION
No. of Pages 579p.
650 ## - SUBJECT ADDED ENTRY--TOPICAL TERM
Topical term or geographic name as entry element ELECTRONIC ENGINEERING
653 ## - KEYWORDS--INDEX TERM
Keyword term CRYSTAL PROPERTIES AND GROWTH OF SEMICONDUCTORS , ATOMS AND ELECTRONS ,JUNCTIONS
700 ## - ADDED ENTRY--PERSONAL NAME
Personal name Banerjee,Sanjay Kumar
942 ## - ADDED ENTRY ELEMENTS (KOHA)
Source of classification or shelving scheme Dewey Decimal Classification
Koha item type Books
Holdings
Withdrawn status Lost status Source of classification or shelving scheme Damaged status Not for loan Collection code Home library Current library Shelving location Date acquired SGTU Full call number Accession No. (Barcode) Date last seen Bill Date Koha item type Use restrictions Total Checkouts Date last borrowed
    Dewey Decimal Classification     ENGINEERING SGT Engineering Library SGT Engineering Library Text Book 24/06/2010 SGTU 621.38152 STR FE3316 09/02/2015 09/02/2015 Books      
    Dewey Decimal Classification   Not For Loan ENGINEERING SGT Engineering Library SGT Engineering Library Reference Book 24/06/2010 SGTU 621.38152 STR FE3317 09/02/2015 09/02/2015 Books Restricted Access    
    Dewey Decimal Classification     ENGINEERING SGT Engineering Library SGT Engineering Library Text Book 24/06/2010 SGTU 621.38152 STR FE3318 09/02/2015 09/02/2015 Books      
    Dewey Decimal Classification     ENGINEERING SGT Engineering Library SGT Engineering Library Text Book 24/06/2010 SGTU 621.38152 STR FE3319 09/02/2015 09/02/2015 Books      
    Dewey Decimal Classification     ENGINEERING SGT Engineering Library SGT Engineering Library Text Book 24/06/2010 SGTU 621.38152 STR FE3320 26/11/2025 09/02/2015 Books   1 11/11/2025